[Event "45th Olympiad 2024"]
[Site "Budapest HUN"]
[Date "2024.09.22"]
[Round "11.14"]
[Board "2"]
[White "Tari, Aryan"]
[Black "Lodici, Lorenzo"]
[Result "1/2-1/2"]
[WhiteElo "2642"]
[BlackElo "2556"]
[PlyCount "177"]
[EventDate "2024.09.11"]
[WhiteTeam "Norway"]
[BlackTeam "Italy"]
[WhiteTeamCountry "NOR"]
[BlackTeamCountry "ITA"]

1. e4 e5 2. Nf3 Nc6 3. Bb5 a6 4. Ba4 Nf6 5. d3 b5 6. Bb3 Bc5 7. Bg5 h6 8. Bh4 Be7 9. a4 Rb8 10. axb5 axb5 11. Nc3 ({RR} 11. Nbd2 d6 12. Nf1 O-O 13. Bxf6 Bxf6 14. Ne3 Ne7 15. h4 Ng6 16. g3 c6 17. Nh2 d5 18. Qh5 Ne7 19. Nhg4 Qd6 20. O-O d4 21. Nxf6+ Qxf6 22. Ng4 Bxg4 23. Qxg4 c5 24. f4 Qc6 25. Ra7 Rbe8 {0-1 Yu Yangyi (2729)-Caruana,F (2766) Airthings Masters Div 2 W 2023 (4.3)}) 11... d6 12. Bxf6 ({RR} 12. h3 Nd7 13. Bxe7 Nxe7 14. Nd5 Nc5 15. Nxe7 Qxe7 16. Bd5 Be6 17. O-O Bxd5 18. exd5 O-O 19. d4 Na4 20. dxe5 dxe5 21. b3 Nc3 22. Qe1 Nxd5 23. Qxe5 Qxe5 24. Nxe5 {½-½ Praggnanandhaa,R (2619)-Lodici,L (2537) Cattolica Grandiscacchi op 1st 2022 (9)}) 12... Bxf6 13. Nd5 Be6 $146 ({RR} 13... O-O 14. O-O g6 15. Nxf6+ Qxf6 16. h3 Be6 17. Bxe6 Qxe6 18. Qd2 Kh7 19. Ra6 Qd7 20. Qc3 Nd8 21. d4 exd4 22. Nxd4 Ne6 23. Nxe6 Qxe6 24. Qxc7 Qxe4 25. c3 d5 26. Rf6 Kg7 27. Rxf7+ Rxf7 28. Qxb8 {1-0 Predke,A (2606)-Dragnev,V (2509) Riga Tech op 8th 2018 (5)}) ({RR} 13... O-O 14. O-O g6 15. c3 Bg7 16. h3 Kh8 17. d4 f5 18. exf5 gxf5 19. dxe5 dxe5 20. Re1 e4 21. Nh2 Ne5 22. Nf4 Qg5 23. Qc1 b4 24. Rb1 c5 25. Bd5 c4 26. h4 Qxh4 27. Qe3 Qg5 28. cxb4 {0-1 Saric,I (2680)-Mamedyarov,S (2759) Zagreb SuperUnited Blitz 2022 (14)}) 14. O-O O-O 15. Qd2 Bxd5 16. Bxd5 Qd7 17. Ra6 Ne7 18. Bb3 c5 19. Rfa1 Rfc8 20. Qe2 Qc7 21. Nd2 Bg5 22. Ra7 Rb7 23. Rxb7 Qxb7 24. Nf3 Bf6 25. h4 Qc7 26. c3 c4 27. dxc4 bxc4 28. Bc2 Rb8 29. Ra2 Nc8 30. g3 Nb6 31. Nd2 g6 32. Ra5 Nd7 33. Ra2 Nb6 34. h5 Kg7 35. Qg4 Qc8 36. Qe2 gxh5 37. Qxh5 Ra8 38. Rxa8 Qxa8 39. Qd1 Bg5 40. Nf1 Qc6 41. Qf3 Qb5 42. Qg4 Kf8 43. Qd1 Qc6 44. b4 cxb3 45. Bxb3 Kg7 46. Qf3 Qc7 47. Nh2 Bd2 48. Ng4 Bg5 49. Kg2 Qd7 50. Nh2 Qc7 51. Qh5 Qe7 52. Nf3 Nd7 53. Qg4 Nf6 54. Qf5 Qb7 55. Bc2 Qb2 56. Ba4 Qa2 57. Bc6 Qc4 58. Bb7 Qb5 59. Qc8 Qe2 60. Nxg5 hxg5 61. Qf5 Qh5 62. f3 Qh6 63. Bd5 Qg6 64. Qxg6+ Kxg6 65. Bc6 g4 66. f4 exf4 67. gxf4 Nh5 68. Bd7 Nxf4+ 69. Kg3 Nh5+ 70. Kh4 g3 71. Bh3 Nf4 72. Kxg3 Ne2+ 73. Kf3 Nxc3 74. Bf1 Kf6 75. Bc4 Na4 76. Ke3 Nc5 77. Kd4 Nd7 78. Bb5 Ne5 79. Kd5 Ke7 80. Be2 Ng6 81. Bc4 Nf4+ 82. Kd4 Kf6 83. Bf1 Kg5 84. e5 d5 85. Ba6 Ne6+ 86. Kxd5 Nc7+ 87. Kd6 Nxa6 88. e6 fxe6 89. Kxe6 1/2-1/2

[Event "45th Olympiad 2024"]
[Site "Budapest HUN"]
[Date "2024.09.22"]
[Round "11.14"]
[Board "3"]
[White "Moroni, Luca Jr"]
[Black "Amar, Elham"]
[Result "1/2-1/2"]
[WhiteElo "2558"]
[BlackElo "2539"]
[PlyCount "61"]
[EventDate "2024.09.11"]
[WhiteTeam "Italy"]
[BlackTeam "Norway"]
[WhiteTeamCountry "ITA"]
[BlackTeamCountry "NOR"]

1. d4 Nf6 2. c4 g6 3. Nc3 Bg7 4. e4 d6 5. Bd3 O-O 6. Nge2 c5 7. d5 e6 8. Bg5 h6 9. Bh4 exd5 ({RR} 9... g5 10. Bg3 Nh5 11. O-O Na6 12. Qd2 Nc7 13. Bc2 exd5 14. exd5 f5 15. f4 Nxg3 16. Nxg3 g4 17. Rae1 Bd7 18. Kh1 Rf7 19. Re2 Bh8 20. Rfe1 Qf6 21. Re3 Re8 22. Rxe8+ Nxe8 23. Bxf5 Bxf5 24. Rxe8+ {½-½ Caruana,F (2709)-Grischuk,A (2771) Wch Blitz 5th 2010 (32)}) 10. Nxd5 ({RR} 10. exd5 Nbd7 11. f4 Qc7 12. O-O a6 13. a4 Rb8 14. Kh1 Re8 15. h3 b6 16. Qd2 Nh7 17. g4 Ndf6 18. Rf3 Bd7 19. Raf1 Re7 20. Ng3 Qc8 {½-½ Petrek,D (2194)-Dahl,C (2380) Slovakia Chess Open 2023 (9.23)}) ({RR} 10. exd5 Qb6 11. O-O a6 12. a3 Qxb2 13. Na4 Qe5 14. Nb6 Ra7 15. Re1 Qe7 16. Rb1 Qc7 17. Nc3 Nbd7 18. Nca4 Nxb6 19. Nxb6 a5 20. Qb3 a4 21. Qb5 Bd7 22. Re7 Bxb5 23. Rxc7 Be8 24. Nc8 Ra6 {1-0 Moroni,L (2584)-Silvestre,C (1942) Titled Tuesday intern op 26th Apr Early blitz 2022 (10)}) 10... g5 11. Bg3 Nc6 $146 ({RR} 11... Nxd5 12. cxd5 Bxb2 13. h4 g4 14. Rb1 Bg7 15. O-O Re8 16. Nf4 c4 17. Bxc4 Rxe4 18. Bd3 Re5 19. f3 h5 20. Be2 Qd7 21. Rb4 Na6 22. Re4 Rxe4 23. fxe4 Nc5 24. e5 dxe5 25. Nxh5 Ne4 26. Be1 {½-½ Ju,W (2568)-Lagno,K (2556) World-ch (Women) k.o. 2018 (6.3)}) ({RR} 11... Re8 12. Nec3 Nc6 13. O-O Nxd5 14. cxd5 Ne5 15. Be2 Ng6 16. Qc2 a6 17. a4 Nf4 18. Bf3 Be5 19. Nd1 Qf6 20. Ne3 Bxb2 21. Rab1 Bd4 22. Nc4 b5 23. axb5 axb5 24. Rxb5 Ba6 25. Rb6 Bxc4 26. Qxc4 {½-½ Michalik,P (2564)-Babula,V (1952) CZE-ch blitz 2018 (10)}) ({RR} 11... Nxd5 12. cxd5 Qe7 13. h4 Nd7 14. hxg5 hxg5 15. Nc3 f5 16. Qh5 f4 17. Qh7+ Kf7 18. e5 Ke8 19. O-O-O Nxe5 20. Bh2 Kd8 21. Bc2 a6 22. f3 Kc7 23. Bg1 Bd7 24. Qe4 Rad8 25. Qe2 Kb8 26. b4 {0-1 Kazhgaleyev,M (2536)-Tissir,M (2366) Olympiad-44 Chennai 2022 (4.2)}) 12. Nxf6+ Qxf6 13. Nc3 Be6 14. Rc1 Ne5 15. b3 Rad8 16. Be2 Ng6 17. O-O Nf4 18. Bd3 Qe7 19. Bb1 Be5 20. Re1 Qf6 21. Nd5 Bxd5 22. exd5 Rfe8 23. Qc2 Kf8 24. Kf1 h5 25. Rcd1 h4 26. Bxf4 Bxf4 27. Kg1 Rxe1+ 28. Rxe1 Re8 29. Rxe8+ Kxe8 30. g3 hxg3 31. hxg3 1/2-1/2

[Event "45th Olympiad 2024"]
[Site "Budapest HUN"]
[Date "2024.09.22"]
[Round "11.14"]
[Board "4"]
[White "Urkedal, Frode Olav Olsen"]
[Black "Brunello, Sabino"]
[Result "1-0"]
[WhiteElo "2546"]
[BlackElo "2511"]
[PlyCount "69"]
[EventDate "2024.09.11"]
[WhiteTeam "Norway"]
[BlackTeam "Italy"]
[WhiteTeamCountry "NOR"]
[BlackTeamCountry "ITA"]

1. e4 c6 2. d4 d5 3. Nc3 dxe4 4. Nxe4 Bf5 5. Ng3 Bg6 6. Nf3 e6 7. h4 h6 8. Ne5 Bh7 9. Bd3 Bxd3 10. Qxd3 Nd7 11. Qe2 Be7 12. Nh5 g6 13. Ng7+ Kf8 14. Nxe6+ fxe6 15. Nxg6+ Kg7 16. Nxh8 Kxh8 17. Qxe6 Ndf6 $146 ({RR} 17... Nf8 18. Qe4 Bf6 19. Be3 Qa5+ 20. c3 Bg7 21. g4 Nf6 22. Qf3 Nd5 23. Bd2 Re8+ 24. Kf1 Qb5+ 25. Kg2 Qxb2 26. Rad1 Ng6 27. Qf7 Re2 28. Qxg6 Rxd2 29. Qe8+ Kh7 30. Qe4+ Kh8 31. Qe8+ Kh7 32. Qe4+ {0-1 Mkrtchian,L (2388)-Posthuma,J (2307) Titled Tuesday intern op 02nd Mar blitz 2021 (5)}) 18. c3 Bd6 19. Bg5 Qf8 20. Bxf6+ Nxf6 21. O-O Re8 22. Qf5 Re4 23. g3 Qg7 24. Kh1 Qe7 25. Kg2 Nd5 26. c4 Nf4+ 27. Kf3 Re6 28. c5 Bb8 29. gxf4 Rf6 30. Rae1 Qf8 31. Qh5 Rxf4+ 32. Kg2 Kh7 33. Re3 Rf6 34. Kh1 Qg7 35. Rg1 1-0

[Event "45th Olympiad 2024"]
[Site "Budapest HUN"]
[Date "2024.09.22"]
[Round "11.15"]
[Board "1"]
[White "Vitiugov, Nikita"]
[Black "Gazik, Viktor"]
[Result "1-0"]
[WhiteElo "2676"]
[BlackElo "2561"]
[PlyCount "123"]
[EventDate "2024.09.11"]
[WhiteTeam "England"]
[BlackTeam "Slovakia"]
[WhiteTeamCountry "ENG"]
[BlackTeamCountry "SVK"]

1. d4 Nf6 2. c4 e6 3. Nf3 Bb4+ 4. Bd2 Bxd2+ 5. Qxd2 O-O 6. Nc3 d5 7. e3 Qe7 8. cxd5 exd5 9. Bd3 Nc6 10. h3 Nb4 11. Bb1 Ne4 12. Qc1 c6 13. a3 Na6 14. Nd2 $146 ({RR} 14. Bd3 Nc7 15. Qc2 Bf5 16. O-O Rae8 17. Rfe1 Ne6 18. Ne5 f6 19. Nxc6 bxc6 20. f3 Nxc3 21. Bxf5 Nb5 22. Bxh7+ Kh8 23. Bg6 Rb8 24. Qxc6 f5 25. a4 Nbc7 26. e4 fxe4 27. fxe4 Qg5 28. exd5 Nxd4 {0-1 Gledura,B (2637)-Gazik,V (2566) 1000GM Hollywood Masters 2022 (7.1)}) 14... Nd6 15. Bd3 Nc7 16. Qc2 g6 17. h4 Bg4 18. Nf3 Rae8 19. Ne5 Bf5 20. Bxf5 Nxf5 21. O-O-O f6 22. Nd3 Nd6 23. g4 Nc4 24. Ne2 a5 25. Nef4 Ne6 26. Rdg1 Nxf4 27. Nxf4 Rf7 28. Rg3 Nd6 29. Rg2 Nc4 30. Kb1 Qe4 31. Qxe4 Rxe4 32. Kc1 Kf8 33. g5 fxg5 34. Rxg5 Rfxf4 35. exf4 Rxf4 36. h5 Rxf2 37. hxg6 hxg6 38. Rxg6 Nxb2 39. Rh7 Nd3+ 40. Kb1 Rb2+ 41. Ka1 Rb3 42. Rgg7 Rxa3+ 43. Kb1 Nb4 44. Rc7 Kg8 45. Rhd7 Rf3 46. Rxb7 Rb3+ 47. Kc1 Nd3+ 48. Kd2 Rxb7 49. Rxb7 Nf4 50. Ke3 Ng2+ 51. Kf3 Ne1+ 52. Kf4 a4 53. Ra7 Nd3+ 54. Kf5 c5 55. Rxa4 Kf7 56. Ra3 c4 57. Ra7+ Ke8 58. Ke6 Kd8 59. Kd6 Kc8 60. Ra3 Nf4 61. Ke5 Ne2 62. Re3 1-0

[Event "45th Olympiad 2024"]
[Site "Budapest HUN"]
[Date "2024.09.22"]
[Round "11.15"]
[Board "2"]
[White "Haring, Filip"]
[Black "Howell, David W L"]
[Result "0-1"]
[WhiteElo "2503"]
[BlackElo "2677"]
[PlyCount "116"]
[EventDate "2024.09.11"]
[WhiteTeam "Slovakia"]
[BlackTeam "England"]
[WhiteTeamCountry "SVK"]
[BlackTeamCountry "ENG"]

1. e4 c6 2. d4 d5 3. e5 Bf5 4. Nd2 e6 5. Nb3 Nd7 6. Nf3 Qc7 7. Be2 c5 8. dxc5 Bxc5 9. Nxc5 Nxc5 10. O-O ({RR} 10. Be3 Ne7 11. Nd4 a6 12. a4 Rc8 13. f4 Be4 14. O-O Nf5 15. Nxf5 exf5 16. c3 O-O 17. a5 Qc6 18. Bd4 h6 19. Rf2 Ne6 20. Ra4 Qc7 21. Bb6 Qe7 22. Bf3 Rc6 23. g3 f6 24. Bxe4 dxe4 {½-½ Dominguez Perez,L (2752)-Harikrishna,P (2717) Berlin FIDE GP 1 Pool-D 2022 (3)}) ({RR} 10. c3 Ne7 11. O-O O-O 12. Bf4 Ng6 13. Bg3 Ne4 14. Qd4 Rfc8 15. Rfe1 Nxg3 16. hxg3 Be4 17. a4 Qc5 18. Qd2 a6 19. Bd3 Bxf3 20. gxf3 d4 21. Bxg6 dxc3 22. Bxf7+ Kxf7 23. bxc3 Rd8 24. Qf4+ Kg8 {1-0 Rodriguez Rivero,J (2141)-Kuznetsova,M (2069) Swiss Queens Wed #31 2024 (11.9)}) 10... Ne7 11. Nd4 a6 12. f4 b5 $146 ({RR} 12... Be4 13. Be3 O-O 14. a4 Nf5 15. Nxf5 exf5 16. a5 Ne6 17. c3 g6 18. Bf3 Qc6 19. Ra4 Rad8 20. Rb4 d4 21. cxd4 Bxf3 22. Qxf3 Rd5 23. Rb6 Qd7 24. Rc1 Rd8 25. h3 Kg7 26. Kh2 Qe7 27. Rc4 {0-1 Gorodetzky,D (2495)-Gorshtein,I (2469) 41st ch-ISR 2022 (3.1)}) ({RR} 12... O-O 13. c3 b5 14. Be3 Rac8 15. Qd2 Ne4 16. Qe1 Nc5 17. Rd1 Na4 18. Bc1 Be4 19. Qf2 Nf5 20. Bg4 Nxd4 21. Rxd4 Nc5 22. Be3 f5 23. exf6 Rxf6 24. Rdd1 Bf5 25. Be2 Bc2 26. Bxc5 Qxc5 27. Qxc5 {1-0 Braeuer,F (2428)-Schmidek,E (2383) Bundesliga 2122 2022 (12.1)}) ({RR} 12... Be4 13. Be3 b5 14. Qe1 h5 15. Qb4 Rc8 16. Bxb5+ Kf8 17. Be2 Kg8 18. b3 a5 19. Qa3 Nf5 20. Nxf5 Bxf5 21. Bxc5 Qxc5+ 22. Qxc5 Rxc5 23. c4 dxc4 24. Bxc4 a4 25. Kf2 Kf8 26. Ke3 Ke7 27. Rac1 {1-0 Vetokhin,S (2113)-Koryakov,S (1942) Moscow op-A 16th 2020 (5)}) 13. c3 Be4 14. Rf2 O-O 15. Bf1 Rac8 16. Be3 Qd7 17. g3 Rc7 18. Rd2 Rb8 19. Rc1 Qc8 20. h4 Nd7 21. Rf2 Nb6 22. g4 Nc4 23. Bxc4 dxc4 24. h5 h6 25. Qf1 b4 26. Re1 bxc3 27. bxc3 Rcb7 28. Bc1 Bd3 29. Qh3 Rb1 30. f5 Ra1 31. fxe6 fxe6 32. Qf3 Kh8 33. Qf7 Ng8 34. g5 hxg5 35. Rg2 Nh6 36. Qe7 g4 37. Kh2 Qe8 38. Qh4 Rbb1 39. Bxh6 Rxe1 40. Bxg7+ Kh7 41. Kg3 Re3+ 42. Kf4 Re4+ 43. Kg3 Re3+ 44. Kf4 Rh3 45. Qg5 Rxh5 46. Qxg4 Re1 47. Kg3 Re4 48. Qf3 Rg5+ 49. Kf2 Rxg2+ 50. Qxg2 Qf7+ 51. Bf6 Rxe5 52. Qf3 Ra5 53. Ke3 Rh5 54. Nc6 Rh6 55. Be5 Qxf3+ 56. Kxf3 Kg6 57. Ke3 Rh4 58. Bf4 Kf6 0-1

[Event "45th Olympiad 2024"]
[Site "Budapest HUN"]
[Date "2024.09.22"]
[Round "11.15"]
[Board "3"]
[White "McShane, Luke J"]
[Black "Sahidi, Samir"]
[Result "1/2-1/2"]
[WhiteElo "2611"]
[BlackElo "2474"]
[PlyCount "119"]
[EventDate "2024.09.11"]
[WhiteTeam "England"]
[BlackTeam "Slovakia"]
[WhiteTeamCountry "ENG"]
[BlackTeamCountry "SVK"]

1. e4 {Adhiban,Baskaran} c5 2. Nf3 d6 3. Bb5+ Nd7 4. O-O Ngf6 5. Re1 a6 6. Bf1 b6 7. d4 cxd4 8. Nxd4 Bb7 9. f3 e6 10. c4 Be7 11. Nc3 O-O 12. Be3 Qc7 13. Qd2 Rac8 14. Rac1 Qb8 15. b4 ({RR} 15. b3 Rfe8 16. Kh1 Bd8 17. Bf2 Bc7 18. g3 Bd8 19. Kg2 Be7 20. Nc2 Kh8 21. h4 Kg8 22. Ne3 Ne5 23. Bd3 Qa8 24. Bb1 Bc6 25. Nc2 Nfd7 26. Qe2 h5 27. Nd4 Bb7 28. Red1 Bd8 29. f4 Ng4 {0-1 Neagu,R (2230)-Solodovnichenko,Y (2481) Cluj GP Rapid 2024 (8.18)}) 15... Rfe8 $146 ({RR} 15... Bd8 16. Kh1 Bc7 17. Na4 ({RR} 17. Bg1 Rfe8 ({RR} 17... d5 18. cxd5 Bf4 19. Be3 Bxh2 20. dxe6 fxe6 21. Nxe6 Nh5 ({RR} 21... Rfe8 22. Bf4) 22. g4 ({RR} 22. Qxd7 Rf7 23. Qd3 Ng3+ 24. Kxh2 Nxf1+ 25. Kg1) 22... Ng3+ 23. Kg2 Rxc3 ({RR} 23... Nxf1 24. Rxf1 Qg3+) 24. Rxc3 Nxe4 25. fxe4 Qg3+ 26. Kh1 Rxf1+ 27. Rxf1 Bxe4+)) 17... Ba8 ({RR} 17... d5 18. exd5 exd5 19. c5) 18. Rc2 ({RR} 18. Bg1 Rfe8 ({RR} 18... d5 19. cxd5 exd5 20. Bxa6 Rce8)) 18... d5 ({RR} 18... Rfe8) 19. cxd5 exd5 20. Bxa6 ({RR} 20. Nf5 Rfe8 ({RR} 20... Rce8 21. Bh6) 21. Bxa6 ({RR} 21. exd5 Nxd5 ({RR} 21... Bxh2 22. Rxc8) 22. Bd4 Rxe1 23. Qxe1 Re8) ({RR} 21. Bh6 g6) 21... Rcd8 ({RR} 21... dxe4 22. Bxc8 exf3 23. Rxc7) 22. exd5 ({RR} 22. Rec1 Bxh2 23. Rc8 Rxc8 24. Rxc8 Rxc8 25. Bxc8) 22... Nxd5 ({RR} 22... Bxh2 23. d6)) 20... Rce8 21. Bb5 ({RR} 21. Nf5 dxe4 22. f4 ({RR} 22. Bh6 exf3) ({RR} 22. Rec1 exf3) 22... Nd5) 21... dxe4 22. f4 Rd8 23. Bc6 Ng4 24. g3 ({RR} 24. Bxa8 Nxe3 ({RR} 24... Ndf6 25. Bc6 Nxe3 26. Qxe3 Bxf4 27. Qg1) 25. Qxe3 Bxf4 26. Nc6 ({RR} 26. Qxe4 Rfe8) ({RR} 26. Qf2 Qxa8 27. Qxf4 Qxa4 28. Qxe4 Nf6 29. Qc6 Qxb4) 26... Qxa8 ({RR} 26... Bxe3 27. Nxb8 Nf6) 27. Qxf4 Qxa4 28. Qxe4 Nf6 29. Qc4) 24... Ndf6 25. Bxa8 Qxa8 26. Rxc7 Qxa4 ({RR} 26... Nd5 27. Nxb6 Nxb6) 27. Rcc1 Nxe3 28. Rxe3 ({RR} 28. Qxe3 Ng4 29. Qe2 Rxd4 30. Qxg4 Qxa2) 28... Ng4 29. Re2 ({RR} 29. Rxe4 Qa8) ({RR} 29. Ree1 e3) 29... Qa3 ({RR} 29... e3 30. Qc2 Qxc2 31. Nxc2 Rd2 32. Rce1 Nf2+ 33. Kg1 ({RR} 33. Kg2 Nd3 34. Rxd2 Nxe1+) 33... Nd3 34. Rxd2 exd2 35. Rd1) 30. h3 {0-1 Kovalev,V (2641)-Adhiban,B (2670) WchT 11th Khanty-Mansiysk 2017 (3.2)} ({RR} 30. Rd1 e3) ({RR} 30. Rce1 Qd3)) ({RR} 15... d5 16. cxd5 Bxb4 17. dxe6) 16. a3 Bd8 17. h3 Bc7 18. Rcd1 Nf8 19. Bf2 Ng6 20. f4 Qa8 21. Bd3 h6 22. Nc2 Red8 23. Qe3 Nd7 24. g3 Nf6 25. Bf1 h5 26. a4 Ne7 27. b5 a5 28. Bg2 Rd7 29. Qd3 Ng6 30. h4 Ng4 31. Bf3 Bd8 32. Bxg4 hxg4 33. Ne3 Bf6 34. Ncd5 exd5 35. exd5 Rdc7 36. h5 Nf8 37. Nxg4 Nh7 38. Ne3 Re7 39. Nf5 Rxe1+ 40. Rxe1 Re8 41. Rxe8+ Qxe8 42. Nxd6 Qd7 43. Nxb7 Qxb7 44. Qe3 Qc8 45. c5 bxc5 46. Qxc5 Qf5 47. b6 Qb1+ 48. Kg2 Nf8 49. Qxa5 Qe4+ 50. Kh2 Qf3 51. Qd2 Nd7 52. Kg1 Nxb6 53. Bxb6 Qxg3+ 54. Kf1 Qf3+ 55. Bf2 Qh1+ 56. Bg1 Qf3+ 57. Bf2 Qh1+ 58. Bg1 Qf3+ 59. Bf2 Qh1+ 60. Bg1 1/2-1/2

[Event "45th Olympiad 2024"]
[Site "Budapest HUN"]
[Date "2024.09.22"]
[Round "11.15"]
[Board "4"]
[White "Druska, Juraj"]
[Black "Jones, Gawain C B"]
[Result "1/2-1/2"]
[WhiteElo "2441"]
[BlackElo "2646"]
[PlyCount "270"]
[EventDate "2024.09.11"]
[WhiteTeam "Slovakia"]
[BlackTeam "England"]
[WhiteTeamCountry "SVK"]
[BlackTeamCountry "ENG"]

1. e4 e5 2. Nf3 Nc6 3. Nc3 Nf6 4. d4 Bb4 5. Nxe5 Bxc3+ 6. bxc3 Qe7 7. f3 Nxe5 8. dxe5 Qxe5 9. Qd4 d6 10. a4 ({RR} 10. Be3 Bd7 11. Be2 Bc6 12. O-O O-O 13. Qxe5 dxe5 14. a4 a5 15. Bc4 Rfd8 16. Kf2 Ne8 17. Bb3 Nd6 18. c4 Kf8 19. c5 Nc8 20. Rfd1 Ne7 21. Ke2 f6 22. Rxd8+ Rxd8 23. Rd1 Ra8 24. g4 Be8 {1-0 Lashkin,J (2451)-Indjic,A (2610) Titled Tue 2nd Jul Late 2024 (11)}) 10... a5 ({RR} 10... O-O 11. Qxe5 dxe5 12. Ba3 Re8 13. a5 Bd7 14. Bc4 Be6 15. Bb5 Bd7 16. Bd3 a6 17. Kf2 Bc6 18. Rhd1 Rad8 19. Ke3 Nd7 20. Bc4 Nf8 21. Rab1 Ne6 22. Bxe6 fxe6 23. c4 Kf7 24. Bb2 Rxd1 25. Rxd1 {½-½ Paravyan,D (2586)-Mamedyarov,S (2741) chess.com SpeedChess Q1Sw 2022 (7)}) 11. Bb5+ Bd7 12. Rb1 Bc6 $146 ({RR} 12... b6 13. Kf2 Rd8 14. Qxe5+ dxe5 15. Ke3 Bxb5 16. Rxb5 Nd7 17. Ba3 h5 18. Rd5 Rh6 19. c4 Rc6 20. Kd3 Rg6 21. Kc3 Rxg2 22. c5 c6 23. Rd6 b5 24. axb5 cxb5 25. Rhd1 b4+ 26. Kb2 bxa3+ 27. Kxa3 {0-1 Das,A (2472)-Demchenko,A (2654) Teplice op 15th 2022 (3)}) 13. Qxe5+ dxe5 14. Ke2 Nd7 15. Bxc6 bxc6 16. Be3 h5 17. c4 Nf8 18. g3 Nd7 19. h4 g6 20. Rhd1 Ke7 21. Rb7 Rhc8 22. f4 Kd8 23. Ba7 Ke8 24. Kf3 Nf8 25. f5 Nd7 26. g4 hxg4+ 27. Kxg4 Nf6+ 28. Kf3 Rd8 29. Rg1 Kd7 30. fxg6 Kc8 31. Rgb1 Nd7 32. gxf7 c5 33. Kg4 Rf8 34. h5 Rxf7 35. h6 Rf2 36. Kg5 Rxc2 37. h7 Rh2 38. Kg6 Nf8+ 39. Kf7 Kd7 40. Rb8 Rxb8 41. Rxb8 Nxh7 42. Kg6 Kc6 43. Re8 Kd6 44. Rd8+ Ke7 45. Rd5 Nf8+ 46. Kf5 Rf2+ 47. Kg4 Rf4+ 48. Kg3 Nd7 49. Bxc5+ Ke6 50. Be3 Rxe4 51. Kf3 Rxc4 52. Rxa5 Kf5 53. Ra8 Rc3 54. a5 Ra3 55. Ke2 Ke4 56. Bd2 Nc5 57. Bb4 Ra2+ 58. Kd1 Ne6 59. Kc1 Nf4 60. Kb1 Ra4 61. Bc3 Nd5 62. Bb2 Nb6 63. Ra7 Nc4 64. Bxe5 Kxe5 65. Rxc7 Kd4 66. Rh7 Kd3 67. Rh3+ Ne3 68. Kb2 Rb4+ 69. Ka3 Rb1 70. a6 Kd4 71. a7 Ra1+ 72. Kb4 Rb1+ 73. Ka3 Ra1+ 74. Kb4 Rxa7 75. Rh4+ Kd3 76. Kc5 Ra5+ 77. Kc6 Nf5 78. Rh1 Ne3 79. Rh4 Rg5 80. Rf4 Nf5 81. Rf1 Rg6+ 82. Kc5 Ng3 83. Ra1 Ne4+ 84. Kd5 Rg5+ 85. Ke6 Rh5 86. Rd1+ Kc4 87. Rc1+ Nc3 88. Rg1 Kd4 89. Ra1 Re5+ 90. Kf6 Ne4+ 91. Kg6 Rb5 92. Ra8 Ke5 93. Re8+ Kd5 94. Rd8+ Nd6 95. Ra8 Ke6 96. Ra1 Ne4 97. Ra6+ Ke5 98. Ra1 Rb6+ 99. Kg7 Ng3 100. Ra5+ Kf4 101. Kf7 Nf5 102. Ra1 Ne3 103. Re1 Ra6 104. Ke7 Nc2 105. Re6 Ra7+ 106. Kd6 Nb4 107. Re8 Nd3 108. Rh8 Ne5 109. Rh4+ Kf5 110. Rh5+ Kf6 111. Rh6+ Ng6 112. Rh1 Ne7 113. Rh6+ Kg5 114. Rh1 Nf5+ 115. Kd5 Ra4 116. Re1 Kf6 117. Re6+ Kf7 118. Re1 Nh4 119. Re4 Ra5+ 120. Kc4 Nf5 121. Re1 Ra8 122. Re2 Rd8 123. Re1 Nd4 124. Re4 Nc6 125. Re1 Kf6 126. Rh1 Ne5+ 127. Kc5 Nd3+ 128. Kc4 Ke5 129. Rh5+ Ke4 130. Rh4+ Nf4 131. Kc5 Ke5 132. Rh1 Rc8+ 133. Kb5 Kd6 134. Kb4 Nd5+ 135. Kb3 Rg8 1/2-1/2

[Event "45th Olympiad 2024"]
[Site "Budapest HUN"]
[Date "2024.09.22"]
[Round "11.16"]
[Board "2"]
[White "Nguyen, Thai Dai Van"]
[Black "Nielsen, Hogni Egilstoft"]
[Result "1-0"]
[WhiteElo "2647"]
[BlackElo "2379"]
[PlyCount "103"]
[EventDate "2024.09.11"]
[WhiteTeam "Czech Republic"]
[BlackTeam "Faroe Islands"]
[WhiteTeamCountry "CZE"]
[BlackTeamCountry "FAI"]

1. d4 Nf6 2. c4 e6 3. Nf3 b6 4. g3 Bb7 5. Bg2 Bb4+ 6. Bd2 Be7 7. Nc3 Ne4 8. O-O ({RR} 8. d5 Nxc3 9. Bxc3 Bf6 10. Rc1 d6 11. O-O Bxc3 12. Rxc3 e5 13. Nd2 O-O 14. f4 Nd7 15. f5 a5 16. b3 Nf6 17. Ne4 h6 18. g4 Nxe4 19. Bxe4 f6 20. h4 Kf7 21. Qd2 Rh8 22. Kf2 Ke7 {1-0 Andreikin,D (2712)-Chigaev,M (2560) Moscow Aeroflot op-A 17th 2018 (4)}) 8... O-O 9. Rc1 ({RR} 9. d5 Nd6 10. b3 f5 11. Qc2 Na6 12. dxe6 dxe6 13. Rad1 Bf6 14. Nb5 Qe7 15. Nxd6 cxd6 16. Bc3 e5 17. Nd2 Bxg2 18. Kxg2 Qe6 19. e4 f4 20. f3 fxg3 21. hxg3 Be7 22. Rh1 Rf7 23. Nf1 Raf8 {0-1 Jin,Y (2113)-Shahil,D (2333) 13th Vojvodina Open 2023 (4.8)}) 9... d6 10. Ne1 $146 ({RR} 10. Nxe4 Bxe4 11. Bc3 Bf6 12. d5 Bxc3 13. Rxc3 Bxf3 14. exf3 e5 15. Qd2 Qf6 16. f4 Qh6 17. Re1 Nd7 18. Qc2 exf4 19. gxf4 Rfe8 20. Rce3 Nf6 21. Qf5 Qg6 22. Qxg6 hxg6 23. Kf1 Kf8 24. Rxe8+ Rxe8 {½-½ Hassenrueck,H (2090)-Sundorf,J (2114) Ruhrgebiet Verbandsliga Gruppe 2 1617 2016 (6.1)}) 10... Nxc3 11. Bxc3 Bxg2 12. Nxg2 Nd7 13. e4 Bf6 14. Ne3 g6 15. b4 Qe7 16. Qd2 Bg7 17. Rcd1 Rae8 18. Qb2 f5 19. e5 f4 20. Ng2 f3 21. Ne3 Qg5 22. Rfe1 Qh5 23. Qc2 Qh3 24. Qe4 Rf5 25. Qg4 Qxg4 26. Nxg4 h5 27. Ne3 Rf7 28. Nf1 Rf5 29. Re4 b5 30. cxb5 d5 31. Ree1 Nb6 32. Rc1 Ra8 33. Bd2 Nc4 34. a4 Rf7 35. Rc2 Bf8 36. Bc3 Bh6 37. Ra1 a6 38. bxa6 Rxa6 39. b5 Ra8 40. Bd2 Bf8 41. Ne3 Nxd2 42. Rxd2 c6 43. bxc6 Rc7 44. Rc2 Ra6 45. Nf1 Bb4 46. h4 Rcxc6 47. Rxc6 Rxc6 48. Nh2 Ba5 49. Nxf3 Rc4 50. Rb1 Bb4 51. Ng5 Rxd4 52. a5 1-0

[Event "45th Olympiad 2024"]
[Site "Budapest HUN"]
[Date "2024.09.22"]
[Round "11.16"]
[Board "3"]
[White "Egilstoft, Rogvi"]
[Black "Zilka, Stepan"]
[Result "0-1"]
[WhiteElo "2278"]
[BlackElo "2574"]
[PlyCount "90"]
[EventDate "2024.09.11"]
[WhiteTeam "Faroe Islands"]
[BlackTeam "Czech Republic"]
[WhiteTeamCountry "FAI"]
[BlackTeamCountry "CZE"]

1. e4 {ChessBase II} e5 2. Nf3 Nc6 3. Bc4 Bc5 4. c3 Nf6 5. d3 a6 6. O-O Ba7 7. Bb3 h6 8. d4 ({RR} 8. Be3 d6 9. Nbd2 O-O 10. h3 Re8 11. Bxa7 Rxa7 12. Re1 Ne7 13. Nf1 Ng6 14. Ng3 Be6 15. d4 Bxb3 16. Qxb3 Qd7 17. Rad1 Qb5 18. Qc2 Raa8 19. c4 Qb6 20. Re3 Rad8 21. Qd2 c5 22. d5 Qc7 {½-½ Harikrishna,P (2755)-Gupta,A (2613) Gibraltar Masters 14th 2016 (6)}) ({RR} 8. Be3 d6 9. Nbd2 O-O 10. Re1 Ne7 11. Nf1 Ng6 12. Ng3 Be6 13. Bc2 Bxe3 14. Rxe3 Re8 15. d4 Bg4 16. h3 Bxf3 17. Qxf3 Qe7 18. Nf5 Qd8 19. Bb3 exd4 20. cxd4 d5 21. exd5 Rxe3 22. fxe3 Kh7 {1-0 Rozman,M (2159)-Villalba,M (2258) Titled Tuesday intern op 19th Jan blitz 2021 (7)}) 8... d6 9. dxe5 $146 ({RR} 9. h3 O-O 10. Re1 Re8 11. Bc2 exd4 12. cxd4 Nb4 13. Nc3 Nxc2 14. Qxc2 d5 15. e5 Nh7 16. Be3 c6 17. Nh2 ({RR} 17. Rad1) 17... f6 18. Qg6 Nf8 19. Qg3 fxe5 20. Bxh6 Qf6 21. Bg5 Qf5 22. Rxe5 Rxe5 23. Qxe5 Bxd4 {0-1 Tischbierek,R (2450)-Barczay,L (2410) Vilcea Festival 1984 (10)}) 9... Nxe5 10. Nxe5 dxe5 11. Qxd8+ Kxd8 12. Nd2 Ke7 13. Nc4 Nxe4 14. Nxe5 Kf6 15. Nd3 Bf5 16. Bf4 Rhe8 17. Bxc7 Nd2 18. Rfd1 Nxb3 19. axb3 Re2 20. Bg3 Rd8 21. Nb4 Red2 22. Rxd2 Rxd2 23. h3 Be6 24. c4 Bd4 25. Nd5+ Bxd5 26. cxd5 Bxb2 27. Ra2 Rd1+ 28. Kh2 Be5 29. Bxe5+ Kxe5 30. Re2+ Kd6 31. Re3 Rxd5 32. g4 a5 33. Re8 Rb5 34. Rd8+ Ke5 35. Rd7 Rxb3 36. Rxf7 a4 37. Rxg7 a3 38. Rg8 Rb6 39. Re8+ Kd4 40. Re1 a2 41. Ra1 Ra6 42. f4 b5 43. g5 hxg5 44. fxg5 b4 45. g6 b3 0-1